Представление документа в формате MARC21

Поле Инд. ПП Название Значение
Тип записи a
Библиографический уровень m
001 Контрольный номер b63eec22c19d43919c433f22053c0357
005 Дата корректировки 20241125143652.9
020 c Цена, тираж б. ц.
040 b Код языка каталог. rus
e Правила каталог. PSBO
041 0_ a Код языка текста rus
080 a Индекс УДК 004.85
084 a Индекс другой классификации/Индекс ББК 32.813
090 a Полочн. индекс 681.3
x Авторский знак С42
097 b Оператор 02
100 1_ a Автор Скиба И. Г.
245 10 a Заглавие Нейросетевые модели и алгоритмы прогнозирования и оценки результатов обучения
b Продолж. заглавия дисс. на соиск. степени магистра техн. наук : 1-40 80 01
c Ответственность науч. рук. С. Н. Нестеренков
260 a Место издания Минск
b Издательство БГУИР
c Дата издания 2024
300 a Объем 81 с.
e Сопроводительные материалы автореферат
510 0_ a Примечание о ссылках Диссертации и авторефераты диссертаций
650 04 a Основная рубрика 28.23 Искусственный интеллект
653 0_ a Ключевые слова нейронные сети; анализ данных; обучающие системы
856 40 u URL https://libeldoc.bsuir.by/bitstream/123456789/57832/1/Skiba_Nejrosetevy_modeli.pdf
901 t Тип документа d